5HLuxD.jpg

KING HENRY VIII SENIOR AND PRIMARY SCHOOL LIBRARY OPAC

SURVIVING THE RAINFOREST (Record no. 5114)

000 -LEADER
fixed length control field 00362nam a22001217a 4500
008 - FIXED-LENGTH DATA ELEMENTS--GENERAL INFORMATION
fixed length control field 250625b ||||| |||| 00| 0 eng d
020 ## - INTERNATIONAL STANDARD BOOK NUMBER
International Standard Book Number 9781482450798
082 ## - DEWEY DECIMAL CLASSIFICATION NUMBER
Classification number 613.6 SPI
100 ## - MAIN ENTRY--PERSONAL NAME
Personal name SPILSBURY,LOUISE
Relator term AUTHOR
245 ## - TITLE STATEMENT
Title SURVIVING THE RAINFOREST
260 ## - PUBLICATION, DISTRIBUTION, ETC.
Place of publication, distribution, etc. 111 EAST 14TH STREET,SUITE 349,NEW YORK,NY 10003
Name of publisher, distributor, etc. GARETH STEVENS PUBLISHING
Date of publication, distribution, etc. 2017
942 ## - ADDED ENTRY ELEMENTS (KOHA)
Source of classification or shelving scheme
Holdings
Withdrawn status Lost status Source of classification or shelving scheme Damaged status Not for loan Collection code Permanent Location Current Location Shelving location Date acquired Full call number Barcode Date last seen Price effective from Koha item type Public note
          Non-Fiction KH8 Primary School Library KH8 Primary School Library Non Fiction 2025-06-25 613.6 SPI 3KHPL000002474 2025-12-05 2025-06-25 Books - Non Ficton KH8 PRIMARY LIBRARY

Powered By KH8 IT Dept